№ 23; Библиотечное дело

Dades bibliogràfiques
Parent link:Библиотечное дело: ежемесячный журнал. № 23.— , 2003-
Idioma:rus
Publicat: 2016
Format: MixedMaterials Llibre
KOHA link:https://koha.lib.tpu.ru/cgi-bin/koha/opac-detail.pl?biblionumber=571320

MARC

LEADER 00000nam2a2200000 4500
001 571320
005 20231101125214.0
035 |a (RuTPU)RU\TPU\prd\269222 
090 |a 571320 
100 |a 20170203a20039999m y0rusy50 ca 
101 0 |a rus 
102 |a RU 
200 0 |a № 23 
210 |d 2016 
461 1 |0 (RuTPU)RU\TPU\prd\12643  |t Библиотечное дело  |o ежемесячный журнал  |v № 23  |d 2003-  
801 0 |a RU  |b 63413507  |c 20010227  |g PSBO 
801 1 |a RU  |b 63413507  |c 20170203 
801 2 |a RU  |b 63413507  |c 20221014  |g RCR 
942 |c BK 
999 |a НТБ_ТПУ  |b НФ  |e -1/20170117  |p П-9364  |s 1/20160622  |u 0,00  |v 1  |y 13821000814143